European Countries Highest Suicide Rate 2024 - Statistics

General Stats
  • This quiz has been taken 69 times
  • The average score is 8 of 10
Answer Stats
Answer % Correct
24.1 Russia
95%
16.2 Estonia
93%
22.4 Ukraine
93%
20.5 Belarus
91%
18.5 Latvia
91%
14.0 Finland
89%
18.6 Lithuania
88%
17.98 Hungary
74%
18.09 Slovenia
68%
17.0 Belgium
56%
No matching quizzes found
Score Distribution
Percent of People with Each Score
Percentile by Number Answered
Your Score History
You have not taken this quiz